Why do people fall under the power? (Record no. 4137)

000 -LEADER
fixed length control field 01038nam a2200265 a 4500
001 - CONTROL NUMBER
control field :::00001876$&:&@@
003 - CONTROL NUMBER IDENTIFIER
control field OkBaRHE
005 - DATE AND TIME OF LATEST TRANSACTION
control field 20110415164157.0
008 - FIXED-LENGTH DATA ELEMENTS--GENERAL INFORMATION
fixed length control field s1983 g 000 0 eng u
020 ## - INTERNATIONAL STANDARD BOOK NUMBER
International Standard Book Number 0892762543
040 ## - CATALOGING SOURCE
Transcribing agency
100 1# - MAIN ENTRY--PERSONAL NAME
Personal name Hagin, Kenneth E., 1917-2003
245 10 - TITLE STATEMENT
Title Why do people fall under the power?
260 ## - PUBLICATION, DISTRIBUTION, ETC. (IMPRINT)
Place of publication, distribution, etc Tulsa, OK., :
Name of publisher, distributor, etc RHEMA Bible Church
Date of publication, distribution, etc 1983
300 ## - PHYSICAL DESCRIPTION
Extent 32 p. ;
Dimensions 14 cm.
650 ## - SUBJECT ADDED ENTRY--TOPICAL TERM
Topical term or geographic name as entry element Imposititon of hands.
9 (RLIN) 1051
650 ## - SUBJECT ADDED ENTRY--TOPICAL TERM
Topical term or geographic name as entry element Power (Theology).
9 (RLIN) 988
650 ## - SUBJECT ADDED ENTRY--TOPICAL TERM
Topical term or geographic name as entry element Slain in the Spirit.
9 (RLIN) 1052
650 ## - SUBJECT ADDED ENTRY--TOPICAL TERM
Topical term or geographic name as entry element Trance.
9 (RLIN) 1053
942 ## - ADDED ENTRY ELEMENTS (KOHA)
Source of classification or shelving scheme
Koha item type Books
Copies
Damaged status Lost status Collection code Date last seen Price effective from Source of classification or shelving scheme Permanent Location Shelving location Withdrawn status Not for loan Current Location Barcode Copy number Full call number Koha item type Date acquired
   2010-04-142010-04-14 RHEMA Bible Training CollegeGeneral Stacks   18761BV 5090 .H3Books2010-04-14
   2010-04-142010-04-14 RHEMA Bible Training CollegeGeneral Stacks   148292BV 5090 .H3Books2010-04-14
  Reference2011-04-152011-04-15 RHEMA Bible Training CollegeGeneral Stacks  RHEMA Bible Training College172253BV 5090 .H3Books2011-04-15
   2011-04-152011-04-15 RHEMA Bible Training CollegeGeneral Stacks  RHEMA Bible Training College216384BV 5090 .H3Books2011-04-15